Normal view
MARC view
Entry Topical Term
001 - CONTROL NUMBER
- control field: 72566
003 - CONTROL NUMBER IDENTIFIER
- control field: OSt
005 - DATE AND TIME OF LATEST TRANSACTION
- control field: 20180501163249.0
008 - FIXED-LENGTH DATA ELEMENTS
- fixed length control field: 180501|| aca||aabn | a|a d
040 ## - CATALOGING SOURCE
- Original cataloging agency: OSt
- Transcribing agency: OSt
150 ## - HEADING--TOPICAL TERM
- Topical term or geographic name entry element: Essays
670 ## - SOURCE DATA FOUND
- Source citation: Work cat.: (OSt): Sinha, Ratna 72565, Fotty Essays on Indological Studies A Collection from the Works of P C Bagchi, 2014









